Análisis del esquema de protecciones para la conexión de las centrales hidroeléctricas de coopeguanacaste R.L a subestación
Salvato in:
| Autore principale: | |
|---|---|
| Altri autori: | |
| Natura: | Libro |
| Lingua: | Spanish |
| Pubblicazione: |
[San José ], Costa Rica
[2016]
|
| Soggetti: | |
| Tags: |
Aggiungi Tag
Nessun Tag, puoi essere il primo ad aggiungerne!!
|
MARC
| LEADER | 00000nam a22000007a 4500 | ||
|---|---|---|---|
| 003 | 012671 | ||
| 005 | 20230705131938.0 | ||
| 008 | 170926b2016 c a|||| |m|| 00| ||spa d | ||
| 040 | |c cru CEDI | ||
| 100 | |9 889 |a Méndez Chaves, José Pablo, 1988- | ||
| 245 | |a Análisis del esquema de protecciones para la conexión de las centrales hidroeléctricas de coopeguanacaste R.L a subestación | ||
| 260 | |a [San José ], Costa Rica |c [2016] | ||
| 300 | |a xiii, 105[1] ; ilustraciones | ||
| 500 | |a Proyecto de graduación (bachillerato en ingeniería eléctrica)--Universidad de Costa Rica. Facultad de Ingeniería. Escuela de Ingeniería Eléctrica | ||
| 501 | |a Profesor Guía de IE-0499 Proyecto Eléctrico: Lic. Ismael López Jiménez | ||
| 610 | 0 | |9 893 |a Planta Hidroeléctrica Bijagua (Costa Rica) | |
| 610 | 0 | |9 891 |a Cooperativa de Electrificación Rural de Guanacaste R.L. (Costa Rica) | |
| 610 | 0 | |9 892 |a Planta Hidroeléctrica Canalete (Costa Rica) | |
| 650 | |x TEORIA DEL POTENCIAL |x GENERACION DE ENERGIA |x DISTRIBUCION DE ENERGIA ELECTRICA |x CENTRALES HIDROELECTRICAS |x TOPOLOGIA DE REDES ELECTRICAS |x ESTABILIDAD DE SISTEMAS DE ENERGIA ELECTRICA |x GENERADORES HIDROELECTRICOS - PROTECCION |x RELES ELECTRICOS |x CIRCUITOS DE TRANSMISION |x REDES ELECTRICAS |9 9912 | ||
| 700 | |9 890 |a López Jiménez, Ismael |d Director de Proyecto Eléctrico | ||
| 942 | |c CEDI |h TFG 7822 |6 TFG_7822_000000000000000 | ||
| 999 | |c 19007 |d 19007 | ||
